10 arts, 10 questions #2 - Culture générale - Statistiques

Statistiques générales
  • Ce quiz a été pris 272 fois
  • Le résultat moyen est 9 sur 15
Statistiques - réponses
Nom de l'art Indice Réponse % Correct
3e art : Arts visuels Peintre néerlandais du XIXe siècle connu pour "La Nuit étoilée" ou son "Autoportrait", mais aussi pour s'être coupé l'oreille gauche Vincent Van Gogh
97%
9e art : Bande dessinée Termes utilisés pour définir les bandes dessinées aux Etats-Unis et au Japon Manga
91%
6e art : Arts de la scène Illusionniste qui prête la parole à une marionnette, en émettantles paroles sans bouger les lèvres Ventriloque
84%
7e art : Cinéma Noms du père et des jumeaux de la famille Skywalkerdans les films Star Wars Luke Skywalker
82%
1e art :Architecture Edifice de marbre érigé sur l'Acropole d'Athènes en l'honneur de la déesse Athéna, dont le nom signifie "la demeure des vierges" Le Parthénon
76%
7e art : Cinéma Noms du père et des jumeaux de la famille Skywalkerdans les films Star Wars Anakin Skywalker
74%
9e art : Bande dessinée Termes utilisés pour définir les bandes dessinées aux Etats-Unis et au Japon Comics
72%
4e art : Musique Les 2 grandes familles d'instruments à vent sont ... Les cuivres
68%
7e art :Cinéma Noms du père et des jumeaux de la famille Skywalkerdans les films Star Wars Leia Organa
64%
4e art : Musique Les 2 grandes familles d'instruments à vent sont ... Les bois
61%
10e art : Jeux vidéos Genre de jeux vidéo basé sur la mécanique dite du last man standing (« dernier homme survivant ») Battle Royale
43%
5e art : Littérature Cet écrivain est le seul à avoir reçu 2 fois le Prix Goncourt, sous 2 noms différents, pour les romans "Les Racines du ciel" et "La Vie devant soi" (donner les 2 noms) Romain Gary
41%
5e art :Littérature Cet écrivain est le seul à avoir reçu 2 fois le Prix Goncourt, sous 2 noms différents, pour les romans "Les Racines du ciel" et "La Vie devant soi" (donnez les 2 noms) Émile Ajar
26%
2e art :Sculpture Nom désignant la couche d'or recouvrant de nombreuses sculptures, apportant brillance et aspect luxueux aux œuvres Feuille d'or
24%
8e art : Arts médiatiques Technologie moderne de diffusion radio basée sur une diffusion numérique, offrant une meilleure qualité audio que les radios FM DAB
9%
Aucun quiz correspondant
Distribution des résultats
% des personnes avec chaque résultat
Percentile par nombre de réponses
Votre historique - résultats
Vous n’avez pas pris ce quiz